000 00695nam a22001577a 4500
020 _a978938157038
082 _a823
_bNEE/A
100 _aNEELAKANTAN, ANAND
245 _aAJAYA
_bROLL OF THE DICE
246 _aEPIC OF THE KAURAVA CLAN BOOK 1
260 _aMUMBAI
_bPLATINUM PRESS
_c2013
300 _a455
520 _a'Ajaya' covers all the major events of Mahabharata; Drona's training classes, Ekalavya's gurudakshina, Karna's appearance in the archery event, Kunti's swayamvar, burning of the lac palace, Bhima killing Jarasandha, Sishupala's death in Krishna's hand, creation of Indraprastha, and the dice game which changed the history of India..
650 _aNOVEL
_zINDIA
942 _cBK
999 _c3586
_d3586